| 000 | 01412nam a2200205 4500 | ||
|---|---|---|---|
| 005 | 20210728214158.0 | ||
| 008 | 210318s1990 pe ao||fr|||| 001 0 spa d | ||
| 040 |
_aCENDOC CAAAP _bspa _cCAAAP |
||
| 041 | _aspa | ||
| 050 |
_aHC 228.A5 _bC43 |
||
| 110 | 0 |
_935 _aCentro Amazónico de Antropología y Aplicación Práctica (Perú) |
|
| 245 | 1 |
_aAlgunos aportes para el desarrollo de la Amazonía / _cCentro Amazónico de Antropología y Aplicación Práctica |
|
| 260 |
_aLima : _bCentro Amazónico de Antropología y Aplicación Práctica (Perú, _c1990 |
||
| 300 |
_a52 h.: _bil.; _c29 cm. |
||
| 505 | 0 | _aPerspectivas de la Ley para el desarrollo rural de la Amazonía peruana -- Declaración de los Obispos de la selva del Perú -- Ley de bases para el desarrollo rural de la Amazonía - análisis y alcances -- Ley de bases para el desarrollo rural de la Amazonía -- El código del medio ambiente y la ley de Amazonía -- Diez razones para promulgación del código del medio ambiente -- Código del medio ambiente : un aliento para el desarrollo amazónico integral -- Los derechos humanos y el código del medio ambiente -- Prioridades para la Amazonía : cuatro problemas urgentes -- Doctrina Fujimori sobre política de control de drogas y desarrollo alternativo. | |
| 650 | 2 | 0 |
_91152 _aDesarrollo Sustentable |
| 650 | 2 | 0 |
_93532 _aAspectos legales |
| 651 | 0 |
_915 _aAmazonía |
|
| 942 |
_2lcc _b16 - 03 - 21 _cBK |
||
| 999 |
_c2024 _d2024 |
||